| 000 | 00932nam0a22003011 4500 | ||
|---|---|---|---|
| 001 | RU\NLR\INFOCOMM_253\5000038625 | ||
| 005 | 20250613100057.0 | ||
| 035 | _a(NLR Aleph) 009327085 | ||
| 090 |
_a9430968 _c9430968 |
||
| 100 | _a20100923d1979 |||y0rusy50 ca | ||
| 101 | 0 | _aspa | |
| 102 | _aRU | ||
| 105 | _ay ||||000|y | ||
| 200 | 1 | _aFederico Engels, gran revolucionario y pensador | |
| 205 | _a2-a ed. | ||
| 210 |
_aМосква _cНаука _d1979 |
||
| 215 |
_a209 с. _d22 см |
||
| 225 | 1 |
_aProblemas del mundo contemporáneo _v2 |
|
| 320 | _aБиблиогр. в подстроч. примеч. | ||
| 600 | 1 |
_aЭнгельс _bФ. _f1820-1895 _gФридрих _2nlr_sh1 |
|
| 686 |
_aА343 _2rubbk |
||
| 702 | 1 |
_9z02790 _aEngels _bF. _f1820-1895 _gFriedrich _4570 |
|
| 790 | 1 |
_9z02702 _aEngels _bF. _gFederico _4245 |
|
| 801 | 1 |
_aRU _bNLR _c20100923 |
|
| 801 | 0 |
_aRU _bNLR _gPSBO |
|
| 852 |
_aNLR _jP22/2793 |
||
| 942 | _cBOOK | ||
| 980 | _aNB | ||